The Busy Engine / (Record no. 48830)
| 000 -LEADER | |
|---|---|
| fixed length control field | 00481nam a2200145 4500 |
| 020 ## - INTERNATIONAL STANDARD BOOK NUMBER | |
| International Standard Book Number | 9781405273114 |
| 100 ## - MAIN ENTRY--PERSONAL NAME | |
| Personal name | Crisp, Dan, |
| Relator term | Illustrator. |
| 9 (RLIN) | 54083 |
| 245 ## - TITLE STATEMENT | |
| Title | The Busy Engine / |
| Remainder of title | A Lift-and-Flap Book. |
| Statement of responsibility, etc | Written by Laura Green, Illustrated by Dan Crisp. |
| 260 ## - PUBLICATION, DISTRIBUTION, ETC. (IMPRINT) | |
| Place of publication, distribution, etc | London : |
| Name of publisher, distributor, etc | Egmont Books ; |
| Date of publication, distribution, etc | 2014. |
| 300 ## - PHYSICAL DESCRIPTION | |
| Dimensions | 8.5 x 0.71 x 8.54 inches. |
| 490 ## - SERIES STATEMENT | |
| Series statement | Thomas and Friends |
| 650 ## - SUBJECT ADDED ENTRY--TOPICAL TERM | |
| 9 (RLIN) | 49672 |
| Topical term or geographic name as entry element | Training |
| Form subdivision | Fiction. |
| 650 ## - SUBJECT ADDED ENTRY--TOPICAL TERM | |
| 9 (RLIN) | 83721 |
| Topical term or geographic name as entry element | Vehicles. |
| Form subdivision | Board books |
| 942 ## - ADDED ENTRY ELEMENTS (KOHA) | |
| Source of classification or shelving scheme | |
| Koha item type | Board Book |
| Withdrawn status | Lost status | Source of classification or shelving scheme | Damaged status | Not for loan | Home library | Current library | Date acquired | Total Checkouts | Full call number | Barcode | Checked out | Date last seen | Date checked out | Price effective from | Koha item type |
|---|---|---|---|---|---|---|---|---|---|---|---|---|---|---|---|
| Logos International School | Logos International School | 04/10/2025 | 6 | BB THO | 040608 | 12/23/2025 | 12/03/2025 | 12/03/2025 | 04/10/2025 | Board Book |